| 000 | 00657nam a2200193 i 4500 | ||
|---|---|---|---|
| 001 | 124536 | ||
| 003 | ES-MaACL | ||
| 007 | t| | ||
| 008 | 070329s1927 sp ||||1| spa d | ||
| 100 | 1 |
_aSchmidt, Max Georg. _9104486 |
|
| 245 | 1 | 0 |
_aHistoria del comercio mundial / _cMax Georg Schmidt ; traducido de la cuarta edición alemana y anotado por Manuel Sánchez Sarto. |
| 260 |
_aBarcelona : _bLabor, _c[1927] |
||
| 300 |
_a208 p., XVI p. de lám. : _bil. ; _c17 cm. |
||
| 490 | 1 |
_aColección Labor ; _v134 |
|
| 700 | 1 |
_aSánchez Sarto, Manuel. _9102931 |
|
| 830 | 0 | 0 |
_aColección Labor _v134 _9184254 |
| 852 |
_aES-MaACL _jE-2662 |
||
| 999 |
_c124536 _d124536 |
||